[Event "Montreal CC-ch"]
[Site "Montreal"]
[Date "2018.06.08"]
[Round "1.4"]
[White "Allaire, Denis"]
[Black "Soudre, Nicolas"]
[Result "0-1"]
[WhiteElo "1606"]
[BlackElo "2240"]
[PlyCount "82"]
[EventDate "2018.06.08"]
[EventType "swiss"]
[EventRounds "5"]
[EventCountry "CAN"]
[SourceTitle "EXT 2022"]
[Source "ChessBase"]
[SourceDate "2021.10.06"]
[SourceVersion "1"]
[SourceVersionDate "2021.10.06"]
[SourceQuality "1"]

1. e4 e6 2. d4 d5 3. Nd2 c5 4. c3 Nc6 5. Ngf3 Nf6 6. Bd3 Qb6 7. 0-0 Bd7 8. Re1 cxd4 9. exd5 Nxd5 10. Nc4 Qc7 11. cxd4 Ncb4 12. Bg5 Nxd3 13. Qxd3 Be7 14. Bxe7 Nxe7 15. d5 Ng6 16. dxe6 Bxe6 17. Nd6+ Kf8 18. Nb5 Qd7 19. Qa3+ Qe7 20. Qxe7+ Kxe7 21. Nc7 Rac8 22. Nxe6 fxe6 23. Nd4 e5 24. Re2 Rhd8 25. Nb5 Rc5 26. Nc3 Nf4 27. Re3 Nd3 28. Ne4 Rcd5 29. b3 Nb4 30. Nc3 Rc5 31. Ne4 Ra5 32. Rc1 Rxa2 33. Rc7+ Rd7 34. Rxd7+ Kxd7 35. g3 Rc2 36. Rc3 Rxc3 37. Nxc3 Kc6 38. f4 exf4 39. gxf4 Nd5 40. Ne2 Kc5 41. f5 Ne3 0-1

[Event "Quebec-ch Intercoll"]
[Site "Longueuil"]
[Date "1994.04.02"]
[Round "4"]
[White "Davignon, Didier"]
[Black "Allaire, Denis"]
[Result "1-0"]
[WhiteElo "1791"]
[BlackElo "1543"]
[PlyCount "85"]
[EventDate "1994.04.01"]
[EventType "swiss"]
[EventRounds "6"]
[EventCountry "CAN"]
[SourceTitle "EXT 2022"]
[Source "ChessBase"]
[SourceDate "2021.10.06"]
[SourceVersion "1"]
[SourceVersionDate "2021.10.06"]
[SourceQuality "1"]

1. d4 d5 2. c4 e6 3. Nc3 Nf6 4. Nf3 Nbd7 5. Bf4 a6 6. e3 c5 7. cxd5 exd5 8. Be2 Be7 9. 0-0 0-0 10. Rc1 cxd4 11. Nxd4 Nc5 12. Bf3 Qb6 13. Qe2 Rd8 14. Rfd1 Nce4 15. Bc7 Qxc7 16. Nxe4 Qa5 17. Nxf6+ Bxf6 18. a3 Bxd4 19. Rxd4 b5 20. Bxd5 Ra7 21. Qd1 Rf8 22. Qb3 Rc7 23. Rc3 b4 24. Rxc7 Qxc7 25. axb4 Qc1+ 26. Rd1 Qc7 27. b5 axb5 28. Qxb5 Qc2 29. Bb3 Qg6 30. Rc1 Bh3 31. Qc6 Qxc6 32. Rxc6 Bf5 33. Bc2 Bxc2 34. Rxc2 f5 35. b4 Rb8 36. Rb2 Kf7 37. Kf1 Ke6 38. Ke2 Kd5 39. Kf3 g5 40. b5 Kc5 41. g4 fxg4+ 42. Kxg4 h6 43. b6 1-0

[Event "Quebec-ch Intercoll"]
[Site "Longueuil"]
[Date "1994.04.02"]
[Round "3"]
[White "Nguyen, Christophe"]
[Black "Allaire, Denis"]
[Result "1-0"]
[WhiteElo "1766"]
[BlackElo "1543"]
[PlyCount "75"]
[EventDate "1994.04.01"]
[EventType "swiss"]
[EventRounds "6"]
[EventCountry "CAN"]
[SourceTitle "EXT 2022"]
[Source "ChessBase"]
[SourceDate "2021.10.06"]
[SourceVersion "1"]
[SourceVersionDate "2021.10.06"]
[SourceQuality "1"]

1. d4 d5 2. Nf3 Nf6 3. e3 e6 4. Bd3 c5 5. b3 Nc6 6. Nbd2 Bd7 7. 0-0 Be7 8. Bb2 0-0 9. a3 Rc8 10. Ne5 Nxe5 11. dxe5 Ne8 12. f4 g6 13. Qe2 a6 14. a4 Ng7 15. g4 f6 16. exf6 Bxf6 17. Bxf6 Qxf6 18. Nf3 Qe7 19. Ne5 Be8 20. Rae1 c4 21. bxc4 dxc4 22. Nxc4 Bxa4 23. Nb6 Bc6 24. Nxc8 Rxc8 25. e4 e5 26. f5 gxf5 27. gxf5 Qf6 28. h3 Kh8 29. Kh2 Qh4 30. Qf2 Qf6 31. Rg1 Nh5 32. Bc4 Nf4 33. Bb3 Qh6 34. Rg3 Rd8 35. Rge3 Bxe4 36. Rg3 Bg2 37. Rxe5 Nxh3 38. Re8+ 1-0